| 000 | 01076nam a2200241 a 4500 | ||
|---|---|---|---|
| 001 | 15274 | ||
| 003 | CO-ViMGA | ||
| 008 | 141112s2004 ck r 000 u spa d | ||
| 020 | _a9586760537 | ||
| 040 |
_aCO-ViMGA _bspa _cCO-ViMGA |
||
| 082 | 0 | 4 | _a344.02 S174 |
| 100 | 1 |
_aSatizabal Parra, Camilo _94413 |
|
| 245 | 1 | 0 |
_aManual práctico para el cobro de prestaciones sociales oficiales : _bconstitución de 1991 y ley de 1990, procedimiento, jurisprudencia del consejo de estado y corte constitucional servicios medico asistenciales, disposiciones legales |
| 250 | _a5 | ||
| 260 |
_aBogotá, _cDoctrina y Ley, _c1998 |
||
| 300 | _a685.p. | ||
| 490 | _aActualizada y corregida | ||
| 505 | _aProcedimiento por materias : Empleados públicos y trabajadores oficiales Fallos del consejo de Estado, corte suprema de Justicia y de la corte Constitucional Caja Nacional de previsión social Disposiciones legales | ||
| 650 | 1 | 4 |
_aFUNCIONARIOS PUBLICOS - SALUD _922184 |
| 650 | 1 | 4 |
_aPENSIONES - LEGISLACION - COLOMBIA _916886 |
| 650 | 1 | 4 | _aPRESTACIONES SOCIALES |
| 942 |
_2ddc _cBK |
||
| 999 |
_c25637 _d25637 |
||